| 000 | 00647nam a2200229Ia 4500 | ||
|---|---|---|---|
| 999 |
_c1472 _d1472 |
||
| 007 | ta | ||
| 008 | 190805r19911994xxk||||g||||||||| ||und|| | ||
| 020 | _a0852881606 | ||
| 040 |
_aKO _beng |
||
| 041 | 0 | _aeng | |
| 044 | _axxk | ||
| 082 | 0 | 4 |
_a623.890212 _bN774 _223 |
| 100 | 1 | _aNorie, J. W. | |
| 245 | 1 | 0 |
_aNories Nautical Tables : _bwith explanations of their use / _cJ. W. Norie; edited by A. G. Blance |
| 260 |
_aCambridgeshire : _bImray,Laurie,Norie & Wilson Ltd, _c1991, reprinted 1994. |
||
| 300 |
_a595 p. ; _c25 cm. |
||
| 650 | 0 |
_aNavigation _vTables |
|
| 700 | 1 |
_aBlance, A. G. _eedt |
|
| 904 | _aA_BOSE | ||
| 942 | _cBK | ||